Remontadas de fútbol famosas #1 - Estadísticas

Estadísticas generales
  • Esta prueba ha sido intentada 95 veces
  • La puntuación promedio es 7 de 10
Estadísticas de respuestas
Imagen Respuesta % Correcto
Barcelona 6-1 Paris Saint-Germain
89%
Liverpool 4-0 Barcelona
82%
Roma 3-0 Barcelona
80%
Real Madrid 4-1 Atletico Madrid
78%
Ajax 2-3 Tottenham Hotspur
69%
Milan 3-3 Liverpool
68%
Manchester City 3-2 Queen's Park Rangers
56%
Real Madrid 3-1 Manchester City
56%
Manchester United 2-1 Bayern München
50%
Real Madrid 3-0 Wolfsburg
41%
No se encontraron pruebas coincidentes
Distribución de puntuación
Porcentaje de gente con cada puntuación
Porcentaje por número respondido
Historial de tus puntuaciones
No has intentado esta prueba.